000 00515nam a2200193Ia 4500
008 151119s9999||||xx |||||||||||||| ||und||
082 _a891.463
082 _bGKKV25785
100 _aदात्ये ग वि
245 _aदोघी
260 _aपुणे
260 _bचिरानि प्रकाशन
260 _c2005
600 _aदात्ये ग वि
630 _aदोघी
700 _aदात्ये ग वि
730 _aदोघी
942 _cBOOK
999 _c1078291
_d1078288